Intelligent computing Chip (2013 - (Record no. 216517)
[ view plain ]
| 000 -LEADER | |
|---|---|
| fixed length control field | 01424nam a2200157Ia 4500 |
| 008 - FIXED-LENGTH DATA ELEMENTS--GENERAL INFORMATION | |
| fixed length control field | 231221s9999 xx 000 0 und d |
| 041 ## - LANGUAGE CODE | |
| Language code of text/sound track or separate title | English |
| 082 ## - DEWEY DECIMAL CLASSIFICATION NUMBER | |
| Classification number | JN28796 |
| 245 #0 - TITLE STATEMENT | |
| Title | Intelligent computing Chip (2013 - |
| 260 ## - PUBLICATION, DISTRIBUTION, ETC. | |
| Date of publication, distribution, etc. | Aug, 2013 |
| Name of publisher, distributor, etc. | Network 18 Publishing |
| Place of publication, distribution, etc. | Mumbai |
| 300 ## - PHYSICAL DESCRIPTION | |
| Dimensions | JN28796 |
| 500 ## - GENERAL NOTE | |
| General note | Suppliment:Guide to your gaming Insider |
| 510 ## - CITATION/REFERENCES NOTE | |
| Name of source | LINUX DISTRIBUTIONS FUDUNTU 2013.2 Fuduntu is a linux-baed operating system created for portable computers. It is a t,weaked remix based on Fedora 14.lt includes Jupiter, Pidgin, VLC, and other popular applications. Just under 1 GB, Fuduntu is the perfect thumb drive distro. MAGEIA 3 Mageia is a fork of Mandriva Linux, supported by a not-forprofit organization of recognized and elected contributors. i Mageia is an operating system i based on the Linux kernel. i CENTOS LIVE OVO 6.4 i CentOS is an open source, i enterprise-class Unux I operating system derived from sources freely provided to the public by Red Hat runs directly from the CD (or USB) without installing. The Live CD described here is based on the Slackware Linux distribution and is downloadable from this website as an 150 image. 4MlINUX GAME EDITION 6.1 4MLinux Game Edition is a Linux distribution that PCLlNUXOS KDE 2013.04 t comes pre-installed with PCLinuxOs is an open source Live lots of games, for all ages. |
| 650 ## - SUBJECT ADDED ENTRY--TOPICAL TERM | |
| Topical term or geographic name entry element | Intelligent,computing,Chip,(2013,- |
| 942 ## - ADDED ENTRY ELEMENTS (KOHA) | |
| Koha item type | Compact Disks |
| Date last seen | Total checkouts | Full call number | Accession number | Volume/Issue Number | Price effective from | Category | Lost status | Damaged status | Department | Withdrawn status | Home library | Current library | Shelving location | Entry date | Vendor | Grants | Billdate | Currency symbol | Conversion rate | Discount | Old discount |
|---|---|---|---|---|---|---|---|---|---|---|---|---|---|---|---|---|---|---|---|---|---|
| 26/01/2024 | JN28796 | CD6224 | 10(9) | 26/01/2024 | Compact Disks | Central Library | Central Library | Central Library | Allied publ. | IS | 25/08/2022 | RS | 1 |
